000 00506cam a22002171 4500
001 sa 67007678
003 DLC
005 20260227112417.0
008 900110s1966 ii 000 0 orio
010 _asa 67007678
035 _a(OCoLC)20870910
040 _aDLC
_cWaU
_dDLC
042 _apremarc
050 0 0 _aPK2571
_b.D317
100 1 _aDas, Kunjabihari,
_d1914-
245 1 0 _aSāhityika.
260 _c[1966]
300 _a212 p.
_c22 cm.
500 _aIn Oriya.
650 0 _aOriya literature.
999 _c76724
_d76724